[Event "Magnus Carlsen Invitational"]
[Site "chess24.com INT"]
[Date "2020.04.21"]
[EventDate "2020.04.18"]
[Round "2.4"]
[Result "0-1"]
[White "Maxime Vachier-Lagrave"]
[Black "Ian Nepomniachtchi"]
[WhiteElo "2778"]
[BlackElo "2784"]
[PlyCount "150"]

1. e4 c5 2. Nf3 d6 3. Bb5+ Nd7 4. c3 Nf6 5. Bd3 g6 6. O-O Bg7
7. Re1 O-O 8. Bc2 b5 9. d4 Bb7 10. d5 Re8 11. a4 a6 12. Bf4
Nh5 13. Be3 Nb6 14. Nbd2 e6 15. dxe6 Rxe6 16. axb5 axb5
17. Rxa8 Qxa8 18. Bb3 Re7 19. h3 Nd7 20. Bc2 h6 21. Qa1 Re8
22. Qxa8 Rxa8 23. g4 Nhf6 24. Bf4 Ra2 25. Rb1 Ne8 26. Bb3 Ra6
27. c4 b4 28. Ne1 Nc7 29. Be3 Ne6 30. f3 Nd4 31. Bd1 Ra2
32. Nd3 Nc6 33. f4 Nd4 34. Kf2 Nf6 35. e5 Ne4+ 36. Ke1 dxe5
37. fxe5 Ne6 38. Nb3 Bf8 39. Ra1 Rxa1 40. Nxa1 Ba6 41. Bf3
N6g5 42. Bg2 Bxc4 43. Nf4 Ng3 44. Bf2 N5e4 45. Bxg3 Nxg3
46. Kf2 Bg7 47. Kxg3 Bxe5 48. Kf3 b3 49. Bf1 Bxf1 50. Nxb3 Bd6
51. Nd2 Bb5 52. b3 Kg7 53. Ke3 Bc6 54. Nd3 f5 55. gxf5 gxf5
56. Nc4 Be7 57. Nf4 Bg5 58. Ne5 Bb5 59. Nf3 Kf7 60. Ne5+ Kf6
61. Nf3 Bc6 62. Nxg5 hxg5 63. Nd3 Bg2 64. h4 gxh4 65. Nxc5 Kg5
66. Kf2 Bd5 67. b4 Kg4 68. Nd3 f4 69. Ne5+ Kf5 70. Nd3 Be4
71. Nc5 h3 72. Kg1 f3 73. b5 Kf4 74. b6 f2+ 75. Kxf2 h2 0-1

[Event "Magnus Carlsen Invitational"]
[Site "chess24.com INT"]
[Date "2020.04.21"]
[EventDate "2020.04.18"]
[Round "2.5"]
[Result "0-1"]
[White "Maxime Vachier-Lagrave"]
[Black "Ian Nepomniachtchi"]
[WhiteElo "2778"]
[BlackElo "2784"]
[PlyCount "40"]

1. e4 e5 2. Nf3 Nf6 3. Nxe5 d6 4. Nf3 Nxe4 5. d3 Nf6 6. d4 d5
7. Bd3 Bd6 8. Qe2+ Be6 9. Ng5 Qe7 10. Nxe6 fxe6 11. c3 O-O
12. f4 c5 13. O-O Nc6 14. Be3 Rae8 15. Nd2 e5 16. dxe5 Nxe5
17. Bb5 Neg4 18. Bxe8 Rxe8 19. Rf3 Nxe3 20. Re1 Nf5 0-1

[Event "Magnus Carlsen Invitational"]
[Site "chess24.com INT"]
[Date "2020.04.24"]
[EventDate "2020.04.18"]
[Round "4.1"]
[Result "1/2-1/2"]
[White "Magnus Carlsen"]
[Black "Maxime Vachier-Lagrave"]
[WhiteElo "2863"]
[BlackElo "2778"]
[PlyCount "102"]

1. e4 c5 2. Nf3 d6 3. d4 cxd4 4. Nxd4 Nf6 5. Bc4 e6 6. O-O Be7
7. Bd3 Nc6 8. Nxc6 bxc6 9. c4 O-O 10. Nc3 e5 11. Be3 Be6
12. Qe2 Nd7 13. Rfd1 Qc7 14. b4 a5 15. a3 axb4 16. axb4 Rxa1
17. Rxa1 Rb8 18. Rb1 Nf6 19. h3 d5 20. cxd5 cxd5 21. exd5 Nxd5
22. Nxd5 Bxd5 23. b5 e4 24. Qh5 exd3 25. Qxd5 Rd8 26. Qe4 Bf8
27. b6 Qc2 28. Rc1 Qb3 29. Qf3 d2 30. Rd1 h6 31. b7 Rb8
32. Rxd2 Rxb7 33. g4 Rb8 34. Kg2 Re8 35. Rd7 Qe6 36. Qd5 Qxd5+
37. Rxd5 g6 38. h4 Bg7 39. h5 g5 40. Kf3 Bf6 41. Ke2 Kg7
42. Kd3 Ra8 43. f4 gxf4 44. Bxf4 Ra3+ 45. Ke4 Ra6 46. Kf5 Bb2
47. Rb5 Rf6+ 48. Ke4 Re6+ 49. Kf5 Rf6+ 50. Ke4 Re6+ 51. Kf5
Rf6+ 1/2-1/2

[Event "Magnus Carlsen Invitational"]
[Site "chess24.com INT"]
[Date "2020.04.24"]
[EventDate "2020.04.18"]
[Round "4.2"]
[Result "1/2-1/2"]
[White "Maxime Vachier-Lagrave"]
[Black "Magnus Carlsen"]
[WhiteElo "2778"]
[BlackElo "2863"]
[PlyCount "122"]

1. d4 Nf6 2. c4 g6 3. h4 Bg7 4. Nc3 d6 5. e4 O-O 6. Be2 e5
7. dxe5 dxe5 8. Qxd8 Rxd8 9. h5 c6 10. Bg5 Na6 11. Nf3 Nc5
12. hxg6 hxg6 13. Rh4 Ne6 14. Be3 Nd4 15. Nxd4 exd4 16. O-O-O
Ng4 17. Bxg4 Bxg4 18. Rxg4 dxe3 19. fxe3 Bxc3 20. bxc3 Rxd1+
21. Kxd1 Re8 22. Kc2 Re5 23. Rf4 Ra5 24. Kb3 Kf8 25. Rh4 Kg7
26. Rf4 Rg5 27. Rf2 Kf8 28. Kc2 Ke7 29. Kd3 b6 30. Kd4 Ke6
31. Kd3 f6 32. Rd2 Ra5 33. Rf2 Rh5 34. Rb2 Ra5 35. Rf2 Ra4
36. g4 Ra5 37. Rh2 g5 38. Rf2 a6 39. Rh2 b5 40. c5 Ra4 41. Rh7
Rc4 42. Ra7 Rxc5 43. Rxa6 Kd6 44. a4 bxa4 45. c4 Re5 46. Kd4
a3 47. Rxa3 c5+ 48. Kd3 Re8 49. Ra6+ Ke5 50. Rc6 Rd8+ 51. Ke2
Rh8 52. Rxc5+ Kxe4 53. Rf5 Rh2+ 54. Rf2 Rh3 55. Kd2 Rxe3
56. Rxf6 Rg3 57. c5 Rxg4 58. c6 Kd5 59. c7 Rc4 60. Rf5+ Ke4
61. Rxg5 Rxc7 1/2-1/2

[Event "Magnus Carlsen Invitational"]
[Site "chess24.com INT"]
[Date "2020.04.24"]
[EventDate "2020.04.18"]
[Round "4.3"]
[Result "1-0"]
[White "Magnus Carlsen"]
[Black "Maxime Vachier-Lagrave"]
[WhiteElo "2863"]
[BlackElo "2778"]
[PlyCount "63"]

1. d4 d5 2. c4 c6 3. e3 Nf6 4. Nc3 Bf5 5. Nf3 e6 6. Nh4 Be4
7. f3 Bg6 8. Bd2 Be7 9. Nxg6 hxg6 10. Qb3 Qc7 11. O-O-O dxc4
12. Bxc4 b5 13. Be2 a6 14. Ne4 Nxe4 15. fxe4 c5 16. Kb1 Nc6
17. e5 cxd4 18. Bf3 Rc8 19. Rc1 Qd7 20. Qc2 Na7 21. Qxc8+ Nxc8
22. Bc6 Nb6 23. Bxd7+ Kxd7 24. exd4 Nd5 25. h4 Rxh4 26. Rxh4
Bxh4 27. Rh1 Be7 28. Rh7 Bf8 29. Rh8 Ke7 30. Kc2 f6 31. exf6+
gxf6 32. Rh7+ 1-0

[Event "Magnus Carlsen Invitational"]
[Site "chess24.com INT"]
[Date "2020.04.24"]
[EventDate "2020.04.18"]
[Round "4.4"]
[Result "1/2-1/2"]
[White "Maxime Vachier-Lagrave"]
[Black "Magnus Carlsen"]
[WhiteElo "2778"]
[BlackElo "2863"]
[PlyCount "145"]

1. d4 d5 2. c4 c6 3. Nf3 Nf6 4. Qc2 dxc4 5. Qxc4 g6 6. g3 Bg7
7. Bg2 O-O 8. O-O b5 9. Qc2 Bf5 10. Qd1 c5 11. Nc3 Nc6 12. Nh4
cxd4 13. Nxf5 gxf5 14. Bxc6 Rc8 15. Nxb5 Rxc6 16. Qxd4 a6
17. Qxd8 Rxd8 18. Na3 Ne4 19. Kg2 Rxc1 20. Raxc1 Bxb2 21. Nb1
Bxc1 22. Rxc1 Rd4 23. f3 Nf6 24. Kf2 Ra4 25. a3 Kg7 26. Rc3
Nd5 27. Rb3 Rc4 28. Nd2 Rc2 29. Rd3 Nc3 30. f4 e6 31. Kf3 Ne4
32. Nxe4 fxe4+ 33. Kxe4 Rxe2+ 34. Kf3 Rxh2 35. Rd6 a5 36. Ra6
Rh5 37. a4 Rc5 38. Ra8 h5 39. Ra6 Kg6 40. Kg2 Kf5 41. Ra7 f6
42. Kh3 Rd5 43. Ra8 e5 44. fxe5 fxe5 45. Rh8 Kg5 46. Ra8 e4
47. Kg2 Kg4 48. Rg8+ Kf5 49. Ra8 Ke5 50. Kf2 Kd4 51. Ke2 Rg5
52. Rd8+ Kc3 53. Re8 Rxg3 54. Rxe4 Rg4 55. Re5 Rxa4 56. Kf3
Ra2 57. Kg3 a4 58. Re4 Kd3 59. Rf4 Ke3 60. Rf3+ Ke4 61. Rf4+
Ke5 62. Rb4 Ra1 63. Kh2 a3 64. Rb3 Kd4 65. Rf3 Kc4 66. Rf4+
Kd3 67. Rf3+ Ke4 68. Rb3 h4 69. Rc3 Ra2+ 70. Kh1 Ra1+ 71. Kh2
Ra2+ 72. Kh1 Ra1+ 73. Kh2 1/2-1/2

[Event "Magnus Carlsen Invitational"]
[Site "chess24.com INT"]
[Date "2020.04.26"]
[EventDate "2020.04.18"]
[Round "5.1"]
[Result "1/2-1/2"]
[White "Maxime Vachier-Lagrave"]
[Black "Alireza Firouzja"]
[WhiteElo "2778"]
[BlackElo "2728"]
[PlyCount "83"]

1. d4 Nf6 2. c4 e6 3. Nc3 Bb4 4. Qc2 c5 5. dxc5 O-O 6. Nf3 Na6
7. a3 Bxc3+ 8. Qxc3 Nxc5 9. Bg5 Nce4 10. Bxf6 Nxf6 11. g3 b6
12. Bg2 Bb7 13. O-O Rc8 14. Rac1 Rc7 15. Rfd1 Qe7 16. Qd2 Bxf3
17. exf3 Rfc8 18. Bf1 g6 19. Rc3 d5 20. cxd5 Nxd5 21. Rxc7
Rxc7 22. Bd3 Qc5 23. h4 h5 24. Be4 Nf6 25. Qh6 Rd7 26. Rxd7
Nxd7 27. Bxg6 fxg6 28. Qxg6+ Kf8 29. Qxe6 Qd4 30. Qh6+ Qg7
31. Qxh5 Qxb2 32. Qf5+ Ke7 33. h5 Nf6 34. Qg5 Qxa3 35. h6 Qd3
36. Qg7+ Ke6 37. Qxa7 Qxf3 38. Qxb6+ Kf5 39. Qb1+ Qe4 40. g4+
Kg6 41. Qxe4+ Nxe4 42. h7 1/2-1/2

[Event "Magnus Carlsen Invitational"]
[Site "chess24.com INT"]
[Date "2020.04.26"]
[EventDate "2020.04.18"]
[Round "5.2"]
[Result "1/2-1/2"]
[White "Alireza Firouzja"]
[Black "Maxime Vachier-Lagrave"]
[WhiteElo "2728"]
[BlackElo "2778"]
[PlyCount "81"]

1. d4 d5 2. c4 c6 3. Nf3 Nf6 4. e3 Bf5 5. Nc3 e6 6. Nh4 Be4
7. f3 Bg6 8. Qb3 Qc7 9. Bd2 Be7 10. Rc1 dxc4 11. Bxc4 a6
12. O-O b5 13. Be2 Nbd7 14. a4 Qb6 15. Be1 O-O 16. axb5 axb5
17. Bf2 b4 18. Nxg6 hxg6 19. Ne4 c5 20. dxc5 Nxc5 21. Nxc5
Bxc5 22. g3 Rfc8 23. Rc4 Bf8 24. Rfc1 Qb7 25. e4 Nd7 26. Kg2
Ne5 27. Rxc8 Rxc8 28. Rxc8 Qxc8 29. f4 Nd7 30. Bb5 Nf6 31. Bd3
Ng4 32. Qc4 Qxc4 33. Bxc4 Nxf2 34. Kxf2 Bc5+ 35. Kf3 Bd4
36. b3 Kf8 37. e5 Ke7 38. h4 Bc3 39. Bd3 Be1 40. Be2 f5
41. Bc4 1/2-1/2

[Event "Magnus Carlsen Invitational"]
[Site "chess24.com INT"]
[Date "2020.04.26"]
[EventDate "2020.04.18"]
[Round "5.3"]
[Result "0-1"]
[White "Maxime Vachier-Lagrave"]
[Black "Alireza Firouzja"]
[WhiteElo "2778"]
[BlackElo "2728"]
[PlyCount "70"]

1. d4 Nf6 2. c4 e6 3. Nc3 Bb4 4. Qc2 c5 5. dxc5 O-O 6. a3 Bxc5
7. Nf3 d5 8. Bg5 Be7 9. Rd1 Qa5 10. e3 h6 11. Bxf6 Bxf6
12. cxd5 exd5 13. b4 Qc7 14. Rc1 Qd8 15. Qd2 Be6 16. Be2 Nc6
17. O-O a5 18. b5 Ne7 19. Na4 Qd6 20. Nc5 Rfc8 21. Nxe6 fxe6
22. e4 Ng6 23. exd5 Nf4 24. Bc4 Nxd5 25. a4 Kh8 26. g3 Qb4
27. Bxd5 Qxd2 28. Nxd2 exd5 29. Nb3 Rc4 30. Rfd1 Rxa4 31. Nc5
Rb4 32. Nxb7 a4 33. Rc2 a3 34. Ra2 Rb2 35. Rd2 Rxd2 0-1

[Event "Magnus Carlsen Invitational"]
[Site "chess24.com INT"]
[Date "2020.04.26"]
[EventDate "2020.04.18"]
[Round "5.4"]
[Result "1/2-1/2"]
[White "Alireza Firouzja"]
[Black "Maxime Vachier-Lagrave"]
[WhiteElo "2728"]
[BlackElo "2778"]
[PlyCount "174"]

1. d4 d5 2. c4 c6 3. Nf3 Nf6 4. cxd5 cxd5 5. Nc3 Nc6 6. Bf4
Nh5 7. Bd2 g6 8. e3 Bg7 9. Be2 O-O 10. O-O Nf6 11. Rc1 Bf5
12. Qb3 Rb8 13. Rfd1 Qd6 14. Nb5 Qe6 15. Qa3 Ne4 16. Be1 Rfc8
17. Nc3 Qd7 18. Nxe4 dxe4 19. Nd2 h5 20. Nb3 b6 21. Bb5 Qd5
22. Bxc6 Rxc6 23. Qxa7 Rbc8 24. Rxc6 Rxc6 25. Qxe7 Bf6 26. Qb4
h4 27. Rc1 h3 28. Rxc6 Qxc6 29. Bc3 hxg2 30. Nd2 Be6 31. a4
Bd5 32. Kxg2 Bh4 33. Qb5 Qe6 34. Qe2 f5 35. h3 Kh7 36. Kg1 Kh6
37. Bb4 g5 38. a5 bxa5 39. Bxa5 f4 40. Qg4 Qa6 41. Qf5 Qxa5
42. Qf6+ Kh7 43. Qf5+ Kg7 44. Qe5+ Kg6 45. exf4 gxf4 46. Qxf4
Bf6 47. Qg4+ Kf7 48. Qd7+ Kf8 49. Nf1 Bf7 50. Ng3 e3 51. Qc8+
Kg7 52. Nf5+ Kh7 53. Nxe3 Bxd4 54. Qd7 Qg5+ 55. Ng4 Qf4
56. Kg2 Qe4+ 57. Kg3 Kg7 58. b4 Qd3+ 59. Kg2 Qc4 60. Ne3 Bxe3
61. fxe3 Qe2+ 62. Kg3 Qxe3+ 63. Kg2 Kf6 64. Qd8+ Ke5 65. Qc7+
Kf6 66. Qc6+ Kg7 67. Qd7 Qc3 68. b5 Qe5 69. b6 Kf6 70. Qd8+
Kg6 71. Qc7 Qe2+ 72. Kg3 Qe3+ 73. Kg2 Qe2+ 74. Kg3 Qe3+
75. Kg2 Bd5+ 76. Kf1 Qf3+ 77. Ke1 Qe3+ 78. Kf1 Qxh3+ 79. Ke2
Qf3+ 80. Kd2 Be4 81. Qd6+ Kg5 82. Qe5+ Kh6 83. Qe6+ Kh5
84. Qe5+ Kh4 85. Qh8+ Kg5 86. Qe5+ Kg6 87. Qe6+ Kh7 1/2-1/2

[Event "FIDE Chess.com Online Nations Cup"]
[Site "chess.com INT"]
[Date "2020.05.06"]
[EventDate "2020.05.05"]
[Round "3.2"]
[Result "1/2-1/2"]
[White "Viswanathan Anand"]
[Black "Maxime Vachier-Lagrave"]
[WhiteElo "2753"]
[BlackElo "2778"]
[PlyCount "82"]

1. d4 d5 2. c4 c6 3. Nf3 Nf6 4. e3 Bf5 5. Nc3 e6 6. Nh4 Be4
7. f3 Bg6 8. Qb3 Qc7 9. Bd2 Be7 10. Rc1 Nbd7 11. g3 dxc4
12. Bxc4 a6 13. e4 b5 14. Be2 Qb6 15. e5 Ng8 16. Nxg6 hxg6
17. Be3 Nh6 18. g4 c5 19. d5 Nxe5 20. dxe6 Qxe6 21. Qxe6 fxe6
22. a4 O-O 23. O-O c4 24. axb5 axb5 25. Nxb5 Rab8 26. Nd4 Bc5
27. Rc2 Rbd8 28. Nf5 Nxf5 29. Bxc5 Nd4 30. Bxd4 Rxd4 31. Kg2
Rb8 32. Ra1 Nd3 33. Kg3 Kh7 34. Bxd3 Rxd3 35. Rxc4 Rbb3
36. Rf1 Rxb2 37. Re4 Rdd2 38. h4 Rg2+ 39. Kf4 Rh2 40. Rxe6
Rxh4 41. Rfe1 Rh3 1/2-1/2

[Event "FIDE Chess.com Online Nations Cup"]
[Site "chess.com INT"]
[Date "2020.05.08"]
[EventDate "2020.05.05"]
[Round "7.3"]
[Result "1/2-1/2"]
[White "Ding Liren"]
[Black "Maxime Vachier-Lagrave"]
[WhiteElo "2791"]
[BlackElo "2778"]
[PlyCount "90"]

1. Nf3 d5 2. e3 Nf6 3. c4 c6 4. Nc3 e6 5. b3 Bd6 6. Bb2 O-O
7. d4 Nbd7 8. Bd3 e5 9. cxd5 cxd5 10. dxe5 Nxe5 11. Be2 Nxf3+
12. Bxf3 Be5 13. O-O Bf5 14. Qd2 Qe7 15. Nxd5 Nxd5 16. Bxe5
Rfd8 17. Bd4 Be4 18. Bxe4 Qxe4 19. Rac1 Nf4 20. f3 Qd5
21. Rfd1 Ne6 22. Qc2 Qg5 23. f4 Qe7 24. Bb2 h6 25. h3 Rxd1+
26. Rxd1 Rd8 27. Rxd8+ Qxd8 28. f5 Ng5 29. Qc3 Qd1+ 30. Kh2 f6
31. Qd4 Qe1 32. Qd5+ Kh7 33. Bd4 h5 34. Bxa7 h4 35. Bb8 Qxe3
36. Qxb7 Qf2 37. Qd5 Qxa2 38. Bf4 Qf2 39. Bd2 Nxh3 40. Qf3
Qxd2 41. Kxh3 Qb4 42. Qe3 Qb5 43. Qf3 Qb4 44. Qe3 Qb5 45. Qf3
Qb4 1/2-1/2

[Event "FIDE Chess.com Online Nations Cup"]
[Site "chess.com INT"]
[Date "2020.05.08"]
[EventDate "2020.05.05"]
[Round "8.2"]
[Result "1/2-1/2"]
[White "Maxime Vachier-Lagrave"]
[Black "Viswanathan Anand"]
[WhiteElo "2778"]
[BlackElo "2753"]
[PlyCount "119"]

1. d4 Nf6 2. c4 e6 3. Nc3 d5 4. cxd5 exd5 5. Bg5 c6 6. e3 Bf5
7. Qb3 Qb6 8. Bxf6 gxf6 9. Kd2 Nd7 10. Bd3 Bg6 11. Nf3 Qxb3
12. axb3 Nb6 13. Nh4 Kd7 14. f4 Bxd3 15. Kxd3 Bb4 16. Rhe1 Nc8
17. e4 dxe4+ 18. Rxe4 Nd6 19. Re2 a5 20. Ne4 Nxe4 21. Rxe4
Rae8 22. Rxe8 Rxe8 23. Nf5 Kc7 24. Rf1 Kb6 25. Ne3 Rd8 26. Nc2
Rg8 27. Rf2 Kc7 28. Re2 Bd6 29. g3 Rd8 30. Ne3 Bc5 31. Nf5 Rd5
32. Ke4 Bf8 33. g4 Rd8 34. Kd3 Bd6 35. Re4 Rg8 36. h3 Rd8
37. h4 Rg8 38. Nh6 Rg7 39. g5 fxg5 40. fxg5 f6 41. Nf5 Rg6
42. Ne7 Bxe7 43. Rxe7+ Kd6 44. gxf6 Rxf6 45. Rxb7 Rh6 46. Ra7
Rxh4 47. Rxa5 Rh2 48. Kc3 Rh3+ 49. Kc4 Rh2 50. Rf5 Rc2+
51. Kb4 Rxb2 52. Rh5 Rc2 53. Rxh7 Rc1 54. Rh5 Rc2 55. Rc5 Rxc5
56. dxc5+ Kd5 57. Ka5 Kxc5 58. b4+ Kc4 59. Kb6 Kxb4 60. Kxc6
1/2-1/2

[Event "FIDE Chess.com Online Nations Cup"]
[Site "chess.com INT"]
[Date "2020.05.09"]
[EventDate "2020.05.05"]
[Round "10.3"]
[Result "1/2-1/2"]
[White "Maxime Vachier-Lagrave"]
[Black "Teimour Radjabov"]
[WhiteElo "2778"]
[BlackElo "2765"]
[PlyCount "61"]

1. d4 Nf6 2. c4 e6 3. Nf3 d5 4. Nc3 Be7 5. Bf4 O-O 6. e3 Nbd7
7. Be2 dxc4 8. O-O c5 9. dxc5 Nxc5 10. Bxc4 Qxd1 11. Rfxd1 b6
12. Nd4 Bb7 13. Rac1 a6 14. a3 Rac8 15. b4 Ncd7 16. Be2 Rfe8
17. Bg3 Bf8 18. Nb3 e5 19. Bh4 h6 20. Bxf6 Nxf6 21. Na4 Rxc1
22. Rxc1 Bd5 23. Bd1 Rb8 24. Nd2 a5 25. Rb1 axb4 26. axb4 Ne4
27. Nxe4 Bxe4 28. Rb2 b5 29. Nc5 Bxc5 30. bxc5 Bd3 31. Bc2
1/2-1/2

[Event "Chessbrah May Invitational"]
[Site "chess.com INT"]
[Date "2020.05.15"]
[EventDate "2020.05.15"]
[Round "1.11"]
[Result "1-0"]
[White "Alireza Firouzja"]
[Black "Maxime Vachier-Lagrave"]
[WhiteElo "2728"]
[BlackElo "2778"]
[PlyCount "87"]

1. d4 Nf6 2. c4 g6 3. Nc3 Bg7 4. e4 d6 5. h3 O-O 6. Be3 c5
7. Nf3 cxd4 8. Nxd4 Nc6 9. Be2 Nxd4 10. Bxd4 Bd7 11. O-O Bc6
12. Qc2 a5 13. Rad1 Nd7 14. Bxg7 Kxg7 15. Bg4 Ne5 16. c5 Nxg4
17. hxg4 Qc8 18. cxd6 Qxg4 19. dxe7 Rfe8 20. Nd5 Bxd5 21. Qc3+
Kg8 22. exd5 Rxe7 23. Rd4 Qc8 24. Qd2 Qf5 25. d6 Rd7 26. Rd5
Qf6 27. Rd1 a4 28. Qb4 Kg7 29. R1d3 Kg8 30. Rf3 Qe6 31. Qd4
Qe1+ 32. Kh2 Qc1 33. Re3 Rad8 34. Rde5 Qc8 35. Rd5 Qb8 36. Rd3
Re8 37. g3 Re6 38. Qxa4 Rdxd6 39. Qf4 g5 40. Rxg5+ Kf8
41. Rgd5 Rh6+ 42. Kg2 Qc8 43. Rxd6 Qh3+ 44. Kf3 1-0

[Event "Chessbrah May Invitational"]
[Site "chess.com INT"]
[Date "2020.05.15"]
[EventDate "2020.05.15"]
[Round "1.12"]
[Result "0-1"]
[White "Maxime Vachier-Lagrave"]
[Black "Alireza Firouzja"]
[WhiteElo "2778"]
[BlackElo "2728"]
[PlyCount "84"]

1. Nf3 d5 2. g3 Nf6 3. Bg2 e6 4. O-O Be7 5. c4 O-O 6. d4 dxc4
7. Qc2 a6 8. Qxc4 b5 9. Qc2 Bb7 10. Bd2 Ra7 11. Rd1 Nbd7
12. Ba5 Qa8 13. Qxc7 Rc8 14. Qf4 Rc2 15. Nc3 Nd5 16. Nxd5 Bxd5
17. Rd2 Rc8 18. a3 Nf6 19. Ne1 Bxg2 20. Nxg2 Ne4 21. Rd3 Rc2
22. Qf3 Rxb2 23. Rc1 Ng5 24. Qxa8+ Rxa8 25. Kf1 Ra2 26. Bb4
Bxb4 27. axb4 Rb2 28. f3 h6 29. Ne3 Rxb4 30. d5 exd5 31. Nxd5
Rb2 32. Nf4 a5 33. Rd7 a4 34. h4 Nh7 35. Rcc7 Nf6 36. Rxf7 Ne8
37. Rce7 a3 38. Ng6 a2 39. Rf8+ Kh7 40. h5 a1=Q+ 41. Kg2 Nf6
42. Rxf6 Rxe2+ 0-1

[Event "Chessbrah May Invitational"]
[Site "chess.com INT"]
[Date "2020.05.15"]
[EventDate "2020.05.15"]
[Round "1.13"]
[Result "0-1"]
[White "Alireza Firouzja"]
[Black "Maxime Vachier-Lagrave"]
[WhiteElo "2728"]
[BlackElo "2778"]
[PlyCount "98"]

1. d4 Nf6 2. c4 g6 3. Nc3 Bg7 4. e4 d6 5. h3 O-O 6. Be3 Nbd7
7. Nf3 e5 8. d5 a5 9. g4 Nc5 10. Nd2 c6 11. Be2 cxd5 12. cxd5
Bd7 13. g5 Ne8 14. h4 f6 15. a4 fxg5 16. hxg5 Rc8 17. Nb3 b6
18. Bb5 Nc7 19. Bxd7 Qxd7 20. Bxc5 dxc5 21. Qe2 Ne8 22. Nd2
Nd6 23. f3 c4 24. Qh2 Bh8 25. Qh3 Qe7 26. Ke2 Rf7 27. Rag1 Re8
28. Rg2 Qc7 29. Nf1 Qc5 30. Ne3 Qd4 31. Rd1 Qc5 32. Ng4 Kf8
33. Nf6 Ree7 34. Qh6+ Bg7 35. Nxh7+ Ke8 36. Qxg6 Kd8 37. Rd2
b5 38. axb5 Nxb5 39. Nf6 Nd4+ 40. Kd1 Qb6 41. d6 Qxd6 42. f4
Kc8 43. f5 Bxf6 44. gxf6 Rd7 45. Qg8+ Kb7 46. Rg7 Rxg7
47. fxg7 Qh6 48. Qh8 Rxg7 49. Rh2 Rg1# 0-1

[Event "Chessbrah May Invitational"]
[Site "chess.com INT"]
[Date "2020.05.15"]
[EventDate "2020.05.15"]
[Round "1.14"]
[Result "1/2-1/2"]
[White "Maxime Vachier-Lagrave"]
[Black "Alireza Firouzja"]
[WhiteElo "2778"]
[BlackElo "2728"]
[PlyCount "150"]

1. Nf3 d5 2. e3 Nf6 3. c4 e6 4. Nc3 Be7 5. d4 O-O 6. Qc2 b6
7. cxd5 exd5 8. Be2 c5 9. O-O Nc6 10. Rd1 Bb7 11. dxc5 bxc5
12. b3 d4 13. Na4 Nb4 14. Qb2 d3 15. a3 dxe2 16. Rxd8 Rfxd8
17. Bd2 Ne4 18. Bxb4 Bf6 19. Qxe2 Bxa1 20. Nxc5 Nxc5 21. Bxc5
Rac8 22. b4 a5 23. h4 axb4 24. axb4 Bf6 25. h5 h6 26. Nd4 Re8
27. Qg4 Ra8 28. Nf5 Re4 29. f4 Kh7 30. Nd6 Re7 31. Qf5+ Kg8
32. Nxb7 Rxb7 33. Qd5 Rbb8 34. Kh2 Rd8 35. Qe4 Rab8 36. Kh3
Re8 37. Qc6 Be7 38. Ba7 Rbc8 39. Qb7 Bf8 40. b5 Bc5 41. Kg4
Bxa7 42. Qxa7 Ra8 43. Qc7 Rac8 44. Qd7 Rcd8 45. Qa7 Ra8
46. Qd4 Rab8 47. b6 Re6 48. e4 Rexb6 49. e5 Rb4 50. Qd7 R4b7
51. Qf5 Rb6 52. g3 Ra6 53. Qd3 Rab6 54. Kf5 Rb3 55. Qd6 R3b6
56. Qd5 Rb5 57. Qd1 Rb1 58. Qd6 R1b6 59. Qe7 R6b7 60. Qh4 Rb5
61. g4 R5b6 62. g5 hxg5 63. Qxg5 Re8 64. Kg4 Ra6 65. Qf5 Rae6
66. Qd3 Kh8 67. Qd7 Kg8 68. Kg5 R6e7 69. Qb5 Re6 70. h6 Rxe5+
71. fxe5 Rxe5+ 72. Qxe5 f6+ 73. Qxf6 gxf6+ 74. Kxf6 Kh7
75. Kf7 Kxh6 1/2-1/2

[Event "Chessbrah May Invitational"]
[Site "chess.com INT"]
[Date "2020.05.15"]
[EventDate "2020.05.15"]
[Round "1.21"]
[Result "0-1"]
[White "Maxime Vachier-Lagrave"]
[Black "Fabiano Caruana"]
[WhiteElo "2778"]
[BlackElo "2835"]
[PlyCount "38"]

1. c4 e5 2. Nc3 Nf6 3. Nf3 Nc6 4. e3 Bb4 5. Qc2 a5 6. Nd5 d6
7. a3 Bc5 8. Be2 Be6 9. Nxf6+ Qxf6 10. b3 O-O 11. Bb2 Ba7
12. Rd1 Bf5 13. d3 Qe7 14. O-O Bg6 15. Qd2 Rad8 16. Rfe1 d5
17. cxd5 Rxd5 18. Qc3 Rfd8 19. Rd2 Rc5 0-1

[Event "Chessbrah May Invitational"]
[Site "chess.com INT"]
[Date "2020.05.15"]
[EventDate "2020.05.15"]
[Round "1.22"]
[Result "0-1"]
[White "Fabiano Caruana"]
[Black "Maxime Vachier-Lagrave"]
[WhiteElo "2835"]
[BlackElo "2778"]
[PlyCount "98"]

1. d4 Nf6 2. Bg5 e6 3. e4 c5 4. d5 exd5 5. e5 Qe7 6. Nf3 h6
7. Bxf6 gxf6 8. Nc3 fxe5 9. Nxd5 Qd6 10. Qd2 Nc6 11. O-O-O Bg7
12. Bc4 O-O 13. Rhe1 Nd4 14. c3 b5 15. cxd4 cxd4 16. Bb3 Bb7
17. Qb4 Rac8+ 18. Kb1 Rc5 19. Nc3 Qg6+ 20. Bc2 Qb6 21. Ne4
Rxc2 22. Kxc2 Qg6 23. Nd2 d5 24. f3 dxe4 25. fxe4 a6 26. Kb1
f5 27. exf5 Qxf5+ 28. Ka1 Bxg2 29. Rg1 Qf2 30. Qe7 Kh7
31. Rdf1 Qxf1+ 32. Nxf1 Rxf1+ 33. Rxf1 Bxf1 34. Qe6 Bd3
35. Qxa6 Bg6 36. Qxb5 e4 37. Qe2 d3 38. Qe3 h5 39. a4 Bh6
40. Qa7+ Kg8 41. Qb8+ Kg7 42. Qe5+ Kf7 43. Qd5+ Kf6 44. Qd6+
Kf5 45. Qd5+ Kg4 46. Qe6+ Bf5 47. Qxh6 Kf3 48. Qf6 Kf4 49. Qd4
Kf3 0-1

[Event "Chessbrah May Invitational"]
[Site "chess.com INT"]
[Date "2020.05.15"]
[EventDate "2020.05.15"]
[Round "1.21"]
[Result "0-1"]
[White "Maxime Vachier-Lagrave"]
[Black "Alexander Grischuk"]
[WhiteElo "2778"]
[BlackElo "2777"]
[PlyCount "82"]

1. Nf3 d5 2. b3 Bf5 3. Bb2 e6 4. e3 Nf6 5. Be2 h6 6. O-O Nbd7
7. c4 Bd6 8. cxd5 exd5 9. d3 O-O 10. Nbd2 Re8 11. Rc1 Bh7
12. Rc2 a5 13. a3 Nc5 14. Rc3 Ne6 15. Rc2 c5 16. Re1 b5
17. Qa1 c4 18. bxc4 dxc4 19. e4 cxd3 20. Bxd3 Bxh2+ 21. Kxh2
Qxd3 22. Rc3 Qd6+ 23. e5 Qb8 24. Kg1 Nd5 25. Rc6 Ndf4 26. Rd6
Qb7 27. Bd4 Rac8 28. Be3 Nd3 29. Rd1 b4 30. Nb3 a4 31. Nbd4
Nxd4 32. Rxd4 Nxe5 33. Nxe5 Rxe5 34. Rxb4 Rb5 35. Rxa4 Be4
36. Ra7 Qc6 37. Rc1 Qe6 38. Rxc8+ Qxc8 39. Qd4 Qg4 40. f3 Rb1+
41. Kf2 Qh4+ 0-1

[Event "Chessbrah May Invitational"]
[Site "chess.com INT"]
[Date "2020.05.15"]
[EventDate "2020.05.15"]
[Round "1.22"]
[Result "0-1"]
[White "Alexander Grischuk"]
[Black "Maxime Vachier-Lagrave"]
[WhiteElo "2777"]
[BlackElo "2778"]
[PlyCount "152"]

1. Nf3 g6 2. e4 c5 3. c3 Nf6 4. e5 Nd5 5. d4 cxd4 6. Qb3 Nb6
7. a4 d5 8. cxd4 Nc6 9. h3 Bg7 10. Nc3 O-O 11. Be2 Bf5 12. O-O
Rc8 13. g4 Be4 14. Be3 Na5 15. Qd1 Nbc4 16. Bc1 Qb6 17. Ra2
Bxf3 18. Bxf3 e6 19. Ne2 f6 20. exf6 Bxf6 21. Bg2 Nb3 22. Be3
Nxe3 23. fxe3 Bg5 24. Rxf8+ Rxf8 25. Qd3 Qb4 26. Kh2 Rf2
27. Ra3 Nc1 28. Qc3 Qd6+ 29. Nf4 Bxf4+ 30. exf4 Qxf4+ 31. Qg3
Qxd4 32. Re3 Rf6 33. g5 Rf8 34. Rxe6 Nd3 35. Qe3 Qf4+ 36. Qxf4
Nxf4 37. Rd6 Rf5 38. h4 Kf8 39. Rd7 Rf7 40. Rd8+ Ke7 41. Ra8
a6 42. Kg3 Kd6 43. Bf3 Ne6 44. Bg4 Nc5 45. Bf3 Nxa4 46. Rd8+
Kc7 47. Rxd5 Nxb2 48. Rc5+ Kb6 49. Rc3 Na4 50. Re3 Ka7 51. h5
b5 52. hxg6 hxg6 53. Re6 Rg7 54. Be4 Nc5 55. Re5 Nxe4+
56. Rxe4 Kb6 57. Kf4 Ka5 58. Re6 Rf7+ 59. Ke5 Rc7 60. Rxg6 b4
61. Kf4 Rb7 62. Rd6 Rb5 63. Rd1 b3 64. Rb1 b2 65. g6 Rb4+
66. Kg5 Rb3 67. Kh6 Ka4 68. g7 Rb5 69. Kg6 Rb6+ 70. Kh7 Rb8
71. g8=Q Rb7+ 72. Qg7 Rb6 73. Qf8 Rb4 74. Qg7 Kb3 75. Qg6 Rh4+
76. Qh6 Rg4 0-1

[Event "Chessable Masters"]
[Site "chess24.com INT"]
[Date "2020.06.21"]
[EventDate "2020.06.21"]
[Round "1.3"]
[Result "1/2-1/2"]
[White "Maxime Vachier-Lagrave"]
[Black "Anish Giri"]
[WhiteElo "2778"]
[BlackElo "2764"]
[PlyCount "64"]

1. f4 d5 2. Nf3 Nf6 3. g3 g6 4. Bg2 Bg7 5. O-O O-O 6. d3 b6
7. Ne5 Bb7 8. Nd2 Nbd7 9. Ndf3 c5 10. c3 e6 11. Qe1 Qc7 12. h3
d4 13. e4 dxe3 14. Bxe3 Nd5 15. Bf2 Rad8 16. Qe2 Ne7 17. Rfe1
Nxe5 18. fxe5 Bxf3 19. Bxf3 Nc6 20. d4 cxd4 21. Qc4 Rc8
22. Qxc6 Qxc6 23. Bxc6 Rxc6 24. Bxd4 Rd8 25. Kf2 Kf8 26. Re4
Ke8 27. Ke2 Bf8 28. Be3 Bc5 29. Bg5 Be7 30. Be3 Bc5 31. Bg5
Be7 32. Be3 Bc5 1/2-1/2